| 000 | 00531cam a2200193ua 4500 | ||
|---|---|---|---|
| 041 |
_aeng _h |
||
| 082 |
_a660.281 _bHOU/CH |
||
| 100 | _aHougon, Olaf A. . | ||
| 245 |
_aChemical Process principles : Materials and balances, Part 2 / _cOlaf A. Hougon. _hTextual Documents |
||
| 250 |
_a2 / _b. |
||
| 260 |
_aMumbai : _bAsia Publishing House , _c1976. |
||
| 300 | _a504 ; . | ||
| 504 | _a | ||
| 700 | 1 | _aRagatz, Roland A. . | |
| 700 | 1 | _aWatson , Kenneth M. . | |
| 942 | _cBK | ||
| 999 |
_c3131 _d3131 |
||